Top XIs: Olympique Lyon (1988-2024) - Statistics

General Stats
  • This quiz has been taken 196 times
  • The average score is 145 of 400
Answer Stats
Hint Position Answer % Correct
2013/2014 ST Alexandre Lacazette
89%
2014/2015 ST Alexandre Lacazette
89%
2015/2016 ST Alexandre Lacazette
89%
2016/2017 ST Alexandre Lacazette
89%
2016/2017 EL ST Alexandre Lacazette
89%
2022/2023 ST Alexandre Lacazette
89%
2022/2023 (2) ST Alexandre Lacazette
89%
2023/2024 ST Alexandre Lacazette
89%
2001/2002 MF Juninho
85%
2002/2003 MF Juninho
85%
2003/2004 MF Juninho
85%
2004/2005 MF Juninho
85%
2005/2006 MF Juninho
85%
2006/2007 MF Juninho
85%
2007/2008 MF Juninho
85%
2008/2009 MF Juninho
85%
2007/2008 ST Karim Benzema
85%
2008/2009 ST Karim Benzema
85%
2014/2015 MF Corentin Tolisso
73%
2015/2016 MF Corentin Tolisso
73%
2016/2017 MF Corentin Tolisso
73%
2016/2017 EL MF Corentin Tolisso
73%
2022/2023 MF Corentin Tolisso
73%
2022/2023 (2) MF Corentin Tolisso
73%
2023/2024 MF Corentin Tolisso
73%
2014/2015 MF Nabil Fekir
73%
2016/2017 MF Nabil Fekir
73%
2016/2017 EL MF Nabil Fekir
73%
2017/2018 MF Nabil Fekir
73%
2018/2019 MF Nabil Fekir
73%
2017/2018 ST Memphis Depay
72%
2018/2019 ST Memphis Depay
72%
2019/2020 UCL ST Memphis Depay
72%
2020/2021 ST Memphis Depay
72%
2017/2018 MF Houssem Aouar
65%
2018/2019 MF Houssem Aouar
65%
2019/2020 MF Houssem Aouar
65%
2019/2020 UCL MF Houssem Aouar
65%
2021/2022 MF Houssem Aouar
65%
2021/2022 (2) MF Houssem Aouar
65%
2006/2007 MF Jérémy Toulalan
65%
2007/2008 DF Jérémy Toulalan
65%
2008/2009 MF Jérémy Toulalan
65%
2009/2010 MF Jérémy Toulalan
65%
2010/2011 MF Jérémy Toulalan
65%
2018/2019 ST Moussa Dembélé
65%
2019/2020 ST Moussa Dembélé
65%
2019/2020 UCL ST Moussa Dembélé
65%
2021/2022 (2) ST Moussa Dembélé
65%
2009/2010 ST Lisandro López
63%
2010/2011 ST Lisandro López
63%
2011/2012 ST Lisandro López
63%
2012/2013 ST Lisandro López
63%
2004/2005 DF Cris
62%
2005/2006 DF Cris
62%
2006/2007 DF Cris
62%
2008/2009 DF Cris
62%
2009/2010 DF Cris
62%
2017/2018 DF Ferland Mendy
60%
2018/2019 DF Ferland Mendy
60%
2003/2004 MF Florent Malouda
60%
2004/2005 MF Florent Malouda
60%
2005/2006 MF Florent Malouda
60%
2006/2007 MF Florent Malouda
60%
2001/2002 ST Sidney Govou
60%
2002/2003 ST Sidney Govou
60%
2004/2005 ST Sidney Govou
60%
2007/2008 ST Sidney Govou
60%
2003/2004 DF Anthony Réveillère
58%
2004/2005 DF Anthony Réveillère
58%
2006/2007 DF Anthony Réveillère
58%
2008/2009 DF Anthony Réveillère
58%
2009/2010 DF Anthony Réveillère
58%
2010/2011 DF Anthony Réveillère
58%
2011/2012 DF Anthony Réveillère
58%
2012/2013 DF Anthony Réveillère
58%
2003/2004 MF Mahamadou Diarra
58%
2004/2005 MF Mahamadou Diarra
58%
2005/2006 MF Mahamadou Diarra
58%
2011/2012 MF Maxime Gonalons
58%
2012/2013 MF Maxime Gonalons
58%
2013/2014 MF Maxime Gonalons
58%
2014/2015 MF Maxime Gonalons
58%
2015/2016 MF Maxime Gonalons
58%
2016/2017 MF Maxime Gonalons
58%
2016/2017 EL MF Maxime Gonalons
58%
2003/2004 MF Michael Essien
58%
2004/2005 MF Michael Essien
58%
2022/2023 (2) MF Rayan Cherki
58%
2023/2024 MF Rayan Cherki
58%
2012/2013 DF Samuel Umtiti
58%
2013/2014 DF Samuel Umtiti
58%
2014/2015 DF Samuel Umtiti
58%
2015/2016 DF Samuel Umtiti
58%
2009/2010 ST Bafétimbi Gomis
56%
2011/2012 ST Bafétimbi Gomis
56%
2012/2013 ST Bafétimbi Gomis
56%
2013/2014 ST Bafétimbi Gomis
56%
2004/2005 DF Éric Abidal
56%
2006/2007 DF Éric Abidal
56%
2010/2011 MF Yoann Gourcuff
56%
2020/2021 MF Lucas Paquetá
55%
2021/2022 MF Lucas Paquetá
55%
2021/2022 (2) MF Lucas Paquetá
55%
2014/2015 DF Christophe Jallet
54%
2016/2017 EL DF Christophe Jallet
54%
2010/2011 DF Dejan Lovren
54%
2011/2012 DF Dejan Lovren
54%
2022/2023 (2) DF Dejan Lovren
54%
2023/2024 DF Dejan Lovren
54%
2007/2008 MF Hatem Ben Arfa
52%
2017/2018 MF Tanguy Ndombele
52%
2018/2019 MF Tanguy Ndombele
52%
2015/2016 MF Mathieu Valbuena
51%
2016/2017 EL MF Mathieu Valbuena
51%
2022/2023 DF Nicolás Tagliafico
51%
2022/2023 (2) DF Nicolás Tagliafico
51%
2023/2024 DF Nicolás Tagliafico
51%
1999/2000 ST Sonny Anderson
51%
2000/2001 ST Sonny Anderson
51%
2001/2002 ST Sonny Anderson
51%
2009/2010 MF Miralem Pjanić
50%
2018/2019 DF Jason Denayer
49%
2019/2020 DF Jason Denayer
49%
2019/2020 UCL DF Jason Denayer
49%
2020/2021 DF Jason Denayer
49%
2021/2022 DF Jason Denayer
49%
2004/2005 ST Sylvain Wiltord
49%
2005/2006 ST Sylvain Wiltord
49%
2006/2007 ST Sylvain Wiltord
49%
2020/2021 MF Bruno Guimarães
48%
2021/2022 MF Bruno Guimarães
48%
2017/2018 DF Marcelo
48%
2018/2019 DF Marcelo
48%
2019/2020 DF Marcelo
48%
2019/2020 UCL DF Marcelo
48%
2020/2021 DF Marcelo
48%
2021/2022 MF Maxence Caqueret
48%
2021/2022 (2) MF Maxence Caqueret
48%
2022/2023 MF Maxence Caqueret
48%
2022/2023 (2) MF Maxence Caqueret
48%
2023/2024 MF Maxence Caqueret
48%
2020/2021 ST Karl Toko Ekambi
45%
2021/2022 ST Karl Toko Ekambi
45%
2021/2022 (2) ST Karl Toko Ekambi
45%
2022/2023 ST Karl Toko Ekambi
45%
2018/2019 DF Léo Dubois
44%
2019/2020 UCL DF Léo Dubois
44%
2020/2021 DF Léo Dubois
44%
2021/2022 DF Léo Dubois
44%
2002/2003 DF Caçapa
42%
2004/2005 DF Caçapa
42%
2005/2006 DF Caçapa
42%
2012/2013 MF Clément Grenier
42%
2013/2014 MF Clément Grenier
42%
2021/2022 DF Jérôme Boateng
42%
2021/2022 (2) DF Jérôme Boateng
42%
2009/2010 MF Michel Bastos
42%
2010/2011 MF Michel Bastos
42%
2011/2012 MF Michel Bastos
42%
2019/2020 MF Thiago Mendes
42%
2019/2020 UCL MF Thiago Mendes
42%
2020/2021 MF Thiago Mendes
42%
2021/2022 (2) MF Thiago Mendes
42%
2022/2023 DF Thiago Mendes
42%
2019/2020 ST Bertrand Traoré
41%
2017/2018 ST Mariano Díaz
41%
2016/2017 MF Maxwel Cornet
39%
2019/2020 MF Maxwel Cornet
39%
2019/2020 UCL MF Maxwel Cornet
39%
2020/2021 MF Maxwel Cornet
39%
2006/2007 DF Sébastien Squillaci
39%
2007/2008 DF Sébastien Squillaci
39%
2007/2008 MF Kim Källström
38%
2010/2011 MF Kim Källström
38%
2011/2012 MF Kim Källström
38%
2016/2017 EL MF Lucas Tousart
38%
2017/2018 MF Lucas Tousart
38%
2018/2019 MF Lucas Tousart
38%
2019/2020 MF Lucas Tousart
38%
2019/2020 UCL MF Lucas Tousart
38%
2015/2016 DF Mapou Yanga-Mbiwa
38%
2016/2017 DF Mapou Yanga-Mbiwa
38%
2015/2016 DF Rafael
37%
2016/2017 DF Rafael
37%
2023/2024 ST Bradley Barcola
36%
2022/2023 (2) ST Bradley Barcola
36%
2005/2006 DF François Clerc
36%
2007/2008 DF François Clerc
36%
2006/2007 ST Fred
36%
2007/2008 DF Fabio Grosso
35%
2008/2009 DF Fabio Grosso
35%
2008/2009 DF Jean-A. Boumsong
35%
2009/2010 DF Jean-A. Boumsong
35%
2009/2010 DF Aly Cissokho
34%
2010/2011 DF Aly Cissokho
34%
2011/2012 DF Aly Cissokho
34%
2005/2006 MF Tiago
34%
2006/2007 MF Tiago
34%
2019/2020 UCL DF Marçal
33%
2002/2003 ST Péguy Luyindula
33%
2003/2004 ST Péguy Luyindula
33%
1998/1999 MF Vikash Dhorasoo
33%
1999/2000 MF Vikash Dhorasoo
33%
2000/2001 MF Vikash Dhorasoo
33%
2002/2003 MF Vikash Dhorasoo
33%
2010/2011 ST Jimmy Briand
32%
2011/2012 ST Jimmy Briand
32%
1995/1996 MF Ludovic Giuly
32%
1996/1997 MF Ludovic Giuly
32%
1997/1998 MF Ludovic Giuly
32%
2021/2022 (2) DF Malo Gusto
32%
2022/2023 DF Malo Gusto
32%
2021/2022 (2) DF Castello Lukeba
31%
2022/2023 DF Castello Lukeba
31%
2022/2023 (2) DF Castello Lukeba
31%
2023/2024 DF Castello Lukeba
31%
2011/2012 DF Bakary Koné
30%
2013/2014 DF Bakary Koné
30%
2014/2015 DF Bakary Koné
30%
2016/2017 EL DF Nicolas N'Koulou
30%
2021/2022 DF Emerson Palmieri
30%
2021/2022 (2) DF Emerson Palmieri
30%
2013/2014 MF Jordan Ferri
30%
2014/2015 MF Jordan Ferri
30%
2015/2016 MF Jordan Ferri
30%
2015/2016 DF Jérémy Morel
29%
2016/2017 DF Jérémy Morel
29%
2016/2017 EL DF Jérémy Morel
29%
2017/2018 DF Jérémy Morel
29%
2003/2004 ST Giovane Élber
28%
2012/2013 MF Gueïda Fofana
28%
2013/2014 MF Gueïda Fofana
28%
2008/2009 MF Jean II Makoun
28%
2009/2010 MF Jean II Makoun
28%
2019/2020 DF Kenny Tete
27%
2005/2006 ST John Carew
27%
2017/2018 DF Kenny Tete
27%
2007/2008 MF Mathieu Bodmer
27%
2000/2001 MF Pierre Laigle
27%
2001/2002 MF Pierre Laigle
27%
2015/2016 ST Rachid Ghezzal
27%
2001/2002 MF Éric Carrière
26%
2002/2003 MF Éric Carrière
26%
2000/2001 DF Patrick Müller
26%
2001/2002 DF Patrick Müller
26%
2003/2004 DF Patrick Müller
26%
2016/2017 MF Sergi Darder
26%
2008/2009 ST Abdul Kader Keïta
25%
2000/2001 DF Edmílson
25%
2001/2002 DF Edmílson
25%
2002/2003 DF Edmílson
25%
2003/2004 DF Edmílson
25%
1993/1994 ST Florian Maurice
25%
1994/1995 ST Florian Maurice
25%
1995/1996 ST Florian Maurice
25%
2013/2014 DF Henri Bedimo
25%
2014/2015 DF Henri Bedimo
25%
2019/2020 DF Joachim Andersen
25%
2008/2009 MF Ederson
24%
2000/2001 DF Jérémie Bréchet
24%
2001/2002 DF Jérémie Bréchet
24%
2002/2003 DF Jérémie Bréchet
24%
1998/1999 MF Steed Malbranque
24%
1999/2000 MF Steed Malbranque
24%
2012/2013 MF Steed Malbranque
24%
2014/2015 MF Steed Malbranque
24%
2023/2024 DF Sinaly Diomandé
23%
2016/2017 DF Mouctar Diakhaby
23%
2016/2017 EL DF Mouctar Diakhaby
23%
2022/2023 (2) DF Sinaly Diomandé
23%
2000/2001 ST Steve Marlet
23%
2000/2001 DF Éric Deflandre
22%
2001/2002 DF Éric Deflandre
22%
2002/2003 DF Éric Deflandre
22%
2012/2013 DF Milan Biševac
22%
2013/2014 DF Milan Biševac
22%
1997/1998 MF Philippe Violeau
21%
1998/1999 MF Philippe Violeau
21%
1999/2000 MF Philippe Violeau
21%
2000/2001 MF Philippe Violeau
21%
2001/2002 MF Philippe Violeau
21%
2002/2003 MF Philippe Violeau
21%
2022/2023 MF Johann Lepenant
19%
2022/2023 (2) MF Johann Lepenant
19%
2023/2024 MF Johann Lepenant
19%
1988/1989 MF Rémi Garde
19%
1989/1990 MF Rémi Garde
19%
1990/1991 MF Rémi Garde
19%
1991/1992 MF Rémi Garde
19%
1992/1993 MF Rémi Garde
19%
1996/1997 MF Jacek Bąk
18%
1997/1998 MF Jacek Bąk
18%
1998/1999 MF Jacek Bąk
18%
2000/2001 MF Marc-Vivien Foé
18%
1999/2000 ST Tony Vairelles
18%
1996/1997 ST Alain Caveglia
17%
1997/1998 ST Alain Caveglia
17%
1998/1999 ST Alain Caveglia
17%
1988/1989 MF Bruno Génésio
16%
1989/1990 MF Bruno Génésio
16%
1990/1991 MF Bruno Génésio
16%
1991/1992 MF Bruno Génésio
16%
2020/2021 DF Mattia De Sciglio
16%
2021/2022 MF Xherdan Shaqiri
16%
1999/2000 MF David Linarès
15%
1994/1995 DF Florent Laville
15%
1995/1996 DF Florent Laville
15%
1996/1997 DF Florent Laville
15%
1997/1998 DF Florent Laville
15%
1998/1999 DF Florent Laville
15%
1999/2000 DF Florent Laville
15%
1993/1994 DF Manuel Amoros
15%
1994/1995 DF Manuel Amoros
15%
2012/2013 DF Mouhamadou Dabo
15%
2003/2004 DF Jérémy Berthod
14%
2005/2006 DF Jérémy Berthod
14%
1994/1995 MF Stéphane Roche
14%
1995/1996 MF Stéphane Roche
14%
1997/1998 DF Christophe Delmotte
13%
1998/1999 DF Christophe Delmotte
13%
1999/2000 DF Christophe Delmotte
13%
1988/1989 ST Claudio García
13%
1989/1990 ST Claudio García
13%
2010/2011 DF Pape Diakhaté
13%
1998/1999 DF Hubert Fournier
11%
1999/2000 DF Hubert Fournier
11%
1993/1994 MF Abédi Pelé
10%
1988/1989 DF Bruno N'Gotty
10%
1989/1990 DF Bruno N'Gotty
10%
1990/1991 DF Bruno N'Gotty
10%
1991/1992 DF Bruno N'Gotty
10%
1992/1993 DF Bruno N'Gotty
10%
1993/1994 DF Bruno N'Gotty
10%
1994/1995 DF Bruno N'Gotty
10%
1988/1989 ST Eugène Kabongo
10%
1989/1990 ST Eugène Kabongo
10%
1993/1994 MF Éric Roy
9%
1994/1995 MF Éric Roy
9%
1995/1996 MF Éric Roy
9%
1997/1998 DF Patrice Carteron
9%
1998/1999 DF Patrice Carteron
9%
1999/2000 DF Patrice Carteron
9%
1988/1989 MF Ali Bouafia
8%
1989/1990 MF Ali Bouafia
8%
1990/1991 MF Ali Bouafia
8%
1991/1992 MF Ali Bouafia
8%
1990/1991 MF Aziz Bouderbala
8%
1991/1992 MF Aziz Bouderbala
8%
1992/1993 DF Éric Péan
8%
1992/1993 MF Franck Gava
8%
1993/1994 MF Franck Gava
8%
1994/1995 MF Franck Gava
8%
1996/1997 MF Franck Gava
8%
1994/1995 DF Jean-Luc Sassus
8%
1995/1996 DF Jean-Luc Sassus
8%
1996/1997 DF Jean-Luc Sassus
8%
1998/1999 ST Marco Grassi
8%
1997/1998 MF Reynald Pedros
8%
1990/1991 ST Roberto Cabañas
7%
1990/1991 DF Romarin Billong
7%
1991/1992 DF Romarin Billong
7%
1992/1993 DF Romarin Billong
7%
1993/1994 DF Romarin Billong
7%
1996/1997 MF Christophe Cocard
6%
1997/1998 MF Christophe Cocard
6%
1995/1996 DF Ghislain Anselmini
6%
1996/1997 DF Ghislain Anselmini
6%
1997/1998 DF Ghislain Anselmini
6%
1992/1993 ST Laur. Delamontagne
6%
1993/1994 ST Laur. Delamontagne
6%
1994/1995 ST Laur. Delamontagne
6%
1988/1989 DF Pascal Fugier
6%
1989/1990 DF Pascal Fugier
6%
1990/1991 DF Pascal Fugier
6%
1991/1992 DF Pascal Fugier
6%
1992/1993 MFDF Pascal Fugier
6%
1992/1993 MF Sylvain Deplace
6%
1993/1994 MF Sylvain Deplace
6%
1994/1995 MF Sylvain Deplace
6%
1995/1996 MF Sylvain Deplace
6%
1996/1997 MF Sylvain Deplace
6%
1995/1996 ST Éric Assadourian
5%
1992/1993 ST James Debbah
5%
1988/1989 DF Laurent Lassagne
5%
1989/1990 DF Laurent Lassagne
5%
1989/1990 DF Alexandre Bès
4%
1991/1992 MF Alfonso F. Leal
4%
1988/1989 MF Jacky Colin
4%
1989/1990 MF Jacky Colin
4%
1990/1991 MF Jacky Colin
4%
1992/1993 DF Maxence Flachez
4%
1993/1994 DF Maxence Flachez
4%
1991/1992 ST Miloš Bursać
4%
1988/1989 DF Jean-Marc Knapp
3%
1990/1991 DF Jean-Marc Knapp
3%
1991/1992 DF Jean-Marc Knapp
3%
1995/1996 DF Marcelo Djian
3%
1996/1997 DF Marcelo Djian
3%
2022/2023 ST Tetê
1%
No matching quizzes found
Score Distribution
Percent of People with Each Score
Percentile by Number Answered
Your Score History
You have not taken this quiz